|
|
|
|
| LEADER |
01230nam a2200277 a 4500 |
| 001 |
17966 |
| 003 |
BD-DhAAL |
| 008 |
090701r2008 enka b 001 0 eng d |
| 010 |
|
|
|a 2008011741
|
| 020 |
|
|
|a 9780230547094 (alk. paper)
|
| 020 |
|
|
|a 0230547095 (alk. paper)
|
| 040 |
|
|
|a DLC
|c DLC
|d DLC
|d BD-DhAAL
|
| 082 |
0 |
0 |
|a 792.01
|2 22
|
| 100 |
1 |
|
|a Bleeker, Maaike.
|9 57727
|
| 245 |
1 |
0 |
|a Visuality in the theatre :
|b the locus of looking /
|c Maaike Bleeker.
|
| 260 |
|
|
|a Basingstoke [England] ;
|a New York :
|b Palgrave Macmillan,
|c 2008.
|
| 300 |
|
|
|a xiii, 228 p. :
|b ill. ;
|c 23 cm
|
| 490 |
1 |
|
|a Performance interventions
|
| 504 |
|
|
|a Includes bibliographical references (pages 199-221) and index.
|
| 526 |
|
|
|a ENH
|x Sohana Manzoor
Faculty Member of BRAC University
Course No. : ENG 465
|
| 541 |
1 |
|
|e 17966
|a D. S. Books International
|
| 650 |
|
0 |
|a Theater
|x Philosophy.
|9 57728
|
| 852 |
4 |
|
|a Ayesha Abed Library
|c General Stacks
|
| 942 |
|
|
|2 ddc
|c BK
|
| 999 |
|
|
|c 1940
|d 1940
|
| 952 |
|
|
|0 0
|1 0
|2 ddc
|4 0
|6 792_010000000000000_BLE
|7 0
|9 1780
|a BRACUL
|b BRACUL
|c GEN
|d 2009-07-01
|e D. S. Books International
|g 5500.00
|l 2
|m 1
|o 792.01 BLE
|p 3010017966
|r 2024-05-30
|s 2024-05-16
|t 1
|w 2009-07-01
|y BK
|x Requisitioned by Sohana Manzoor for the course no. ENG 465 ; £50.00
|